Rules of court for criminology students / (Record no. 5355)
[ view plain ]
| 000 -LEADER | |
|---|---|
| fixed length control field | 01444nam a22003137a 4500 |
| 003 - CONTROL NUMBER IDENTIFIER | |
| control field | OSt |
| 005 - DATE AND TIME OF LATEST TRANSACTION | |
| control field | 20260106095340.0 |
| 007 - PHYSICAL DESCRIPTION FIXED FIELD--GENERAL INFORMATION | |
| fixed length control field | a |
| 008 - FIXED-LENGTH DATA ELEMENTS--GENERAL INFORMATION | |
| fixed length control field | 260106b |||||||| |||| 00| 0 eng d |
| 020 ## - INTERNATIONAL STANDARD BOOK NUMBER | |
| International Standard Book Number | 9789712392535 |
| 040 ## - CATALOGING SOURCE | |
| Original cataloging agency | Foundation University |
| Language of cataloging | eng |
| Transcribing agency | Foundation University |
| Description conventions | rda |
| 050 ## - LIBRARY OF CONGRESS CALL NUMBER | |
| Classification number | K 2110.A48 |
| Item number | .2018 R85 |
| 110 ## - MAIN ENTRY--CORPORATE NAME | |
| Corporate name or jurisdiction name as entry element | RBSI editors |
| 9 (RLIN) | 13703 |
| 245 00 - TITLE STATEMENT | |
| Title | Rules of court for criminology students / |
| Statement of responsibility, etc. | compiled and edited by RBSI editors. |
| 260 ## - PUBLICATION, DISTRIBUTION, ETC. | |
| Place of publication, distribution, etc. | Manila, Philippines : |
| Name of publisher, distributor, etc. | Rex Book Store, |
| Date of publication, distribution, etc. | 2018. |
| 264 ## - PRODUCTION, PUBLICATION, DISTRIBUTION, MANUFACTURE, AND COPYRIGHT NOTICE | |
| Copyright Date | 2018. |
| 300 ## - PHYSICAL DESCRIPTION | |
| Materials specified | rules of court |
| Extent | viii, 489 pages |
| Other physical details | ; |
| Dimensions | 25 cm. |
| Type of unit | book |
| 336 ## - CONTENT TYPE | |
| Source | rdacontent |
| Content type term | text |
| Content type code | txt |
| 337 ## - MEDIA TYPE | |
| Source | rdamedia |
| Media type term | unmediated |
| Media type code | un |
| 338 ## - CARRIER TYPE | |
| Source | rdacarrier |
| Materials specified | main rules |
| Carrier type term | volume |
| Carrier type code | vol. |
| 504 ## - BIBLIOGRAPHY, ETC. NOTE | |
| Bibliography, etc. note | Includes appendix of forms |
| 505 ## - FORMATTED CONTENTS NOTE | |
| Formatted contents note | Part I : The 1997 rules of civil procedure -- Part II : Special proceedings -- Part III : The revised rules of criminal procedure -- Part IV : Revised rules on evidence -- Part V : Legal ethics. |
| 650 ## - SUBJECT ADDED ENTRY--TOPICAL TERM | |
| Source of heading or term | LC |
| Topical term or geographic name entry element | Terms of court |
| Geographic subdivision | Philippines. |
| 9 (RLIN) | 13704 |
| 650 ## - SUBJECT ADDED ENTRY--TOPICAL TERM | |
| Source of heading or term | LC |
| Topical term or geographic name entry element | Court rules |
| 9 (RLIN) | 13705 |
| 650 ## - SUBJECT ADDED ENTRY--TOPICAL TERM | |
| Source of heading or term | LC |
| Topical term or geographic name entry element | Judgments |
| 9 (RLIN) | 13706 |
| 658 ## - INDEX TERM--CURRICULUM OBJECTIVE | |
| Main curriculum objective | Criminology, Bachelor of Science in : |
| Subordinate curriculum objective | Criminal Procedure and Court Testimony ; |
| Curriculum code | CLJ312 |
| 856 ## - ELECTRONIC LOCATION AND ACCESS | |
| Uniform Resource Identifier | <a href="https://drive.google.com/file/d/1QfHoxR-4PADrPnd7lHECOa3eginZy6rw/view?usp=share_link">https://drive.google.com/file/d/1QfHoxR-4PADrPnd7lHECOa3eginZy6rw/view?usp=share_link</a> |
| Link text | Click here to view the table of contents |
| 942 ## - ADDED ENTRY ELEMENTS (KOHA) | |
| Source of classification or shelving scheme | Library of Congress Classification |
| Koha item type | Books |
| Classification part | K 2110.A48 |
| Item part | .2018 R85 |
| Call number prefix | (CoC-Crim.-Fi) |
| Suppress in OPAC | No |
| Uniform Resource Identifier | Withdrawn status | Lost status | Source of classification or shelving scheme | Damaged status | Not for loan | Collection code | Home library | Current library | Shelving location | Date acquired | Source of acquisition | Total Checkouts | Full call number | Barcode | Date last seen | Price effective from | Koha item type | Accession Number |
|---|---|---|---|---|---|---|---|---|---|---|---|---|---|---|---|---|---|---|
| https://drive.google.com/file/d/1QfHoxR-4PADrPnd7lHECOa3eginZy6rw/view?usp=share_link | Library of Congress Classification | Preservation Copy | Non-fiction | Foundation University Library | Foundation University Library | CoCriminology | 01/06/2026 | Purchased | (CoC-Crim.-Fi) K 2110.A48 .2018 R85 | 0152025003025 | 01/06/2026 | 01/06/2026 | Books | CLJ-Crim-2025025 | ||||
| https://drive.google.com/file/d/1QfHoxR-4PADrPnd7lHECOa3eginZy6rw/view?usp=share_link | Library of Congress Classification | Room Use Only | Non-fiction | Foundation University Library | Foundation University Library | CoCriminology | 01/06/2026 | Purchased | (CoC-Crim.-Fi) K 2110.A48 .2018 R85 c2 | 0152025003026 | 01/06/2026 | 01/06/2026 | Books | CLJ-Crim-2025026 |
